000 00338nam a2200133Ia 4500
005 20260328104309.0
008 260328s9999||||xx |||||||||||||| ||und||
100 _aBroto, Carles
245 0 _aArquitectura para el Transporte /
_cCarles Broto
260 _bLinks
300 _a294 p.
650 _aTERMINALES DE TRANSPORTE
942 _cBK
999 _c10895
_d10895